[Event "Tradewise Gibraltar Master 2015"]
[Site "Gibraltar ENG"]
[Date "2015.01.30"]
[Round "4.108"]
[White "Jurdao Perez, Marcos Ernesto"]
[Black "Kristinsson, Magnus"]
[Result "1-0"]
[WhiteElo "2131"]
[BlackElo "1744"]
[PlyCount "97"]
[EventDate "2015.01.27"]
[EventType "swiss"]
[EventRounds "10"]
[EventCountry "ENG"]
[Source "lmi"]
[SourceDate "2015.01.27"]

1. d4 Nf6 2. Nf3 g6 3. Bf4 Bg7 4. Nbd2 O-O 5. e4 d6 6. c3 Nbd7 7. Bc4 b6 8. O-O
Bb7 9. Re1 d5 10. exd5 Nxd5 11. Bg3 Rc8 12. Qb3 e6 13. Rad1 N7f6 14. h3 Qe7 15.
Bh4 Qd6 16. Bg3 Qe7 17. Be5 c5 18. a4 cxd4 19. Nxd4 Bh6 20. Nb5 Ne8 21. Nxa7
Ra8 22. Nb5 Bxd2 23. Rxd2 Qg5 24. f4 Nxf4 25. Bxf4 Qxf4 26. Rf2 Qg3 27. Ree2
Rd8 28. Bxe6 Nd6 29. Nxd6 Rxd6 30. Bxf7+ Kh8 31. Be8 Rdf6 32. Rxf6 Rxf6 33. Qd1
Bxg2 34. Rxg2 Qe3+ 35. Kh2 Qe5+ 36. Kh1 Qxe8 37. Qd4 Qe6 38. Kh2 Kg7 39. Rf2 g5
40. Qxf6+ Qxf6 41. Rxf6 Kxf6 42. b4 Ke5 43. Kg3 h5 44. Kf3 Kd5 45. Ke3 Ke5 46.
c4 Ke6 47. Kd4 Kd7 48. Kd5 Kd8 49. Ke5 1-0

[Event "Tradewise Gibraltar Master 2015"]
[Site "Gibraltar ENG"]
[Date "2015.01.30"]
[Round "4.109"]
[White "Beltz, Franziska"]
[Black "Klug, Christian"]
[Result "1-0"]
[WhiteElo "2130"]
[BlackElo "1884"]
[PlyCount "57"]
[EventDate "2015.01.27"]
[EventType "swiss"]
[EventRounds "10"]
[EventCountry "ENG"]
[Source "lmi"]
[SourceDate "2015.01.27"]

1. e4 e5 2. Nf3 Nc6 3. Nc3 Nf6 4. d4 exd4 5. Nxd4 Bb4 6. Nxc6 bxc6 7. Bd3 d5 8.
exd5 cxd5 9. O-O O-O 10. Bg5 c6 11. Qf3 h6 12. Bf4 Bd6 13. h3 Rb8 14. b3 Rb4
15. Bg3 Re8 16. Rfe1 Rxe1+ 17. Rxe1 Be6 18. Ne2 Qc7 19. c3 Rb8 20. Bh4 Nd7 21.
Bc2 Re8 22. Nd4 Ne5 23. Qh5 Bd7 24. Re3 Rf8 25. Bg3 Re8 26. Qe2 Kf8 27. f4 Ng6
28. Rxe8+ Bxe8 29. Bxg6 1-0

[Event "Tradewise Gibraltar Master 2015"]
[Site "Gibraltar ENG"]
[Date "2015.01.30"]
[Round "4.110"]
[White "Downey, Keith"]
[Black "Vanheirzeele, Daniel"]
[Result "0-1"]
[WhiteElo "1919"]
[BlackElo "2091"]
[PlyCount "56"]
[EventDate "2015.01.27"]
[EventType "swiss"]
[EventRounds "10"]
[EventCountry "ENG"]
[Source "lmi"]
[SourceDate "2015.01.27"]

1. Nf3 c5 2. c4 Nc6 3. d4 cxd4 4. Nxd4 Qb6 5. e3 Nf6 6. Nc3 g6 7. Be2 Bg7 8.
O-O O-O 9. b3 e6 10. Bb2 d5 11. Na4 Qa5 12. cxd5 Nxd4 13. Bxd4 exd5 14. Rc1 Be6
15. Qc2 Rfc8 16. Qb2 Ne8 17. Bxg7 Nxg7 18. h3 Nf5 19. Rfd1 Rxc1 20. Rxc1 Rd8
21. Nc5 Qb6 22. Bf1 g5 23. e4 dxe4 24. Nxe4 Qd4 25. Qxd4 Rxd4 26. f3 Kg7 27.
Rc2 Rd1 28. Kf2 Rxf1+ 0-1

[Event "Tradewise Gibraltar Master 2015"]
[Site "Gibraltar ENG"]
[Date "2015.01.30"]
[Round "4.111"]
[White "Gonzalez Espana, Maria Gabriel"]
[Black "Jameson, David"]
[Result "1-0"]
[WhiteElo "1917"]
[BlackElo "2068"]
[PlyCount "51"]
[EventDate "2015.01.27"]
[EventType "swiss"]
[EventRounds "10"]
[EventCountry "ENG"]
[Source "lmi"]
[SourceDate "2015.01.27"]

1. c4 e5 2. Nc3 Nf6 3. g3 d5 4. cxd5 Nxd5 5. Bg2 Nb6 6. Nf3 Nc6 7. O-O Be7 8.
a4 a5 9. d3 O-O 10. Be3 Be6 11. Rc1 f5 12. Nb5 Bf6 13. Bc5 Rf7 14. Nd2 Nd5 15.
Ba3 Rb8 16. Nb3 Bg5 17. Nc5 Bc8 18. Qb3 Nce7 19. Rcd1 c6 20. Nc3 b6 21. e4 Nxc3
22. bxc3 Qc7 23. Rb1 f4 24. Ne6 Bxe6 25. Qxe6 Nc8 26. Qe8+ 1-0

[Event "Tradewise Gibraltar Master 2015"]
[Site "Gibraltar ENG"]
[Date "2015.01.30"]
[Round "4.112"]
[White "Machlik, Edit"]
[Black "Henrichsen, Jens"]
[Result "1-0"]
[WhiteElo "1913"]
[BlackElo "2030"]
[PlyCount "55"]
[EventDate "2015.01.27"]
[EventType "swiss"]
[EventRounds "10"]
[EventCountry "ENG"]
[Source "lmi"]
[SourceDate "2015.01.27"]

1. d4 Nf6 2. c4 e6 3. Nc3 c5 4. d5 exd5 5. cxd5 d6 6. e4 g6 7. f4 Bg7 8. Bb5+
Nfd7 9. a4 O-O 10. Nf3 Na6 11. O-O Nc7 12. Bd3 a6 13. Re1 Re8 14. Be3 Rb8 15.
Bf2 b5 16. Bh4 Bf6 17. Bxf6 Qxf6 18. Qd2 c4 19. Bf1 Nc5 20. e5 Qd8 21. Rad1 Nb3
22. Qf2 Nc5 23. axb5 axb5 24. Nd4 Rb6 25. Nc6 Qd7 26. Ne4 Nxe4 27. Qxb6 Nc5 28.
exd6 1-0

[Event "Tradewise Gibraltar Master 2015"]
[Site "Gibraltar ENG"]
[Date "2015.01.30"]
[Round "4.113"]
[White "Lien, Kjell Hakon"]
[Black "Opasiak, Dustin Tennessee"]
[Result "0-1"]
[WhiteElo "2020"]
[BlackElo "1729"]
[PlyCount "56"]
[EventDate "2015.01.27"]
[EventType "swiss"]
[EventRounds "10"]
[EventCountry "ENG"]
[Source "lmi"]
[SourceDate "2015.01.27"]

1. e4 e6 2. d4 d5 3. Nc3 Nf6 4. Bg5 Bb4 5. e5 h6 6. Bc1 Ne4 7. Qg4 g6 8. Nge2
c5 9. a3 Nxc3 10. axb4 Nxe2 11. Bxe2 cxd4 12. Qxd4 Nd7 13. f4 a5 14. Bd2 b6 15.
bxa5 bxa5 16. b4 a4 17. Bb5 Qc7 18. Rxa4 Rxa4 19. Bxa4 O-O 20. O-O Nb6 21. Bb3
Ba6 22. Ra1 Bc4 23. f5 Kh7 24. Bxh6 Rh8 25. f6 Kg8 26. Bg7 Rh5 27. Qxb6 Qxb6+
28. Kh1 Ba6 0-1

[Event "Tradewise Gibraltar Master 2015"]
[Site "Gibraltar ENG"]
[Date "2015.01.30"]
[Round "4.114"]
[White "Kim, Yongjoo"]
[Black "Tranter, Stephen"]
[Result "1-0"]
[WhiteElo "1903"]
[BlackElo "1997"]
[PlyCount "99"]
[EventDate "2015.01.27"]
[EventType "swiss"]
[EventRounds "10"]
[EventCountry "ENG"]
[Source "lmi"]
[SourceDate "2015.01.27"]

1. d4 e6 2. c4 f5 3. Nc3 Nf6 4. e3 Be7 5. Bd3 O-O 6. Nf3 b6 7. O-O Bb7 8. Re1
Ne4 9. Nd2 Bb4 10. Qc2 Bxc3 11. bxc3 Qh4 12. g3 Qf6 13. Rf1 Ng5 14. f3 d6 15.
e4 Nd7 16. h4 Nf7 17. exf5 e5 18. Nb3 a5 19. a4 Rae8 20. Bd2 h6 21. Kh2 Re7 22.
Rae1 Bc6 23. Qa2 Rfe8 24. d5 Bb7 25. Qb1 Bc8 26. Kg2 Nc5 27. Nxc5 dxc5 28. Rh1
Nd6 29. g4 Qf8 30. h5 Bd7 31. Qc2 Rf7 32. Re2 Ree7 33. Be1 Qe8 34. Bh4 Bxa4 35.
Qc1 Bb3 36. Bxe7 Qxe7 37. Rhe1 e4 38. Bxe4 Bxc4 39. Bd3 Qd7 40. Bxc4 Nxc4 41.
Re8+ Rf8 42. Rxf8+ Kxf8 43. f6 Qxd5 44. fxg7+ Kxg7 45. Re7+ Kf6 46. Rxc7 Nd2
47. Qd1 Kg5 48. Qe2 Qd6 49. Rg7+ Kf4 50. Rf7+ 1-0

[Event "Tradewise Gibraltar Master 2015"]
[Site "Gibraltar ENG"]
[Date "2015.01.30"]
[Round "4.115"]
[White "Othman, Mustapha"]
[Black "Magnusdottir, Veronika Steinun"]
[Result "1-0"]
[WhiteElo "1968"]
[BlackElo "1566"]
[PlyCount "61"]
[EventDate "2015.01.27"]
[EventType "swiss"]
[EventRounds "10"]
[EventCountry "ENG"]
[Source "lmi"]
[SourceDate "2015.01.27"]

1. d4 d5 2. c4 c6 3. Nf3 Nf6 4. Nc3 e6 5. e3 Nbd7 6. Bd3 a6 7. O-O Be7 8. b3
O-O 9. Bb2 b6 10. Ne5 Bb7 11. e4 c5 12. Nxd7 Nxd7 13. exd5 cxd4 14. Ne4 exd5
15. cxd5 Ne5 16. d6 Bxd6 17. Bxd4 Nxd3 18. Nxd6 Qxd6 19. Qxd3 Rad8 20. Rad1 Rd7
21. Rd2 Rfd8 22. Qe3 Qc6 23. f3 b5 24. Re1 h6 25. Bc3 Rxd2 26. Bxd2 Qc2 27. Ba5
Rc8 28. Bb6 Qxa2 29. Qd3 Qb2 30. Bd4 Qc2 31. Re8+ 1-0

[Event "Tradewise Gibraltar Master 2015"]
[Site "Gibraltar ENG"]
[Date "2015.01.30"]
[Round "4.116"]
[White "Bohman, Leif"]
[Black "Spanton, Tim R"]
[Result "0-1"]
[WhiteElo "1803"]
[BlackElo "1963"]
[PlyCount "110"]
[EventDate "2015.01.27"]
[EventType "swiss"]
[EventRounds "10"]
[EventCountry "ENG"]
[Source "lmi"]
[SourceDate "2015.01.27"]

1. d4 d5 2. Nf3 Nc6 3. Bf4 Bg4 4. e3 e6 5. Be2 Bd6 6. Bg3 Nf6 7. Nbd2 Qe7 8. c4
O-O 9. a3 Rfe8 10. Rc1 Rad8 11. O-O Bxg3 12. hxg3 dxc4 13. Nxc4 Ne4 14. Qc2 Bf5
15. Bd3 Nd6 16. Nce5 Nxe5 17. Nxe5 f6 18. Bxf5 Nxf5 19. Nd3 c6 20. Nc5 Nd6 21.
Rfd1 Qf7 22. a4 e5 23. dxe5 Rxe5 24. Nd3 Rd5 25. Nf4 Rxd1+ 26. Rxd1 g5 27. Ne2
Qe6 28. Nc3 Re8 29. Rd4 Kg7 30. Qd1 Nf5 31. Re4 Qf7 32. Rxe8 Qxe8 33. g4 Nh6
34. Qf3 Qe6 35. Ne4 b6 36. Ng3 Kg6 37. Ne2 Qxg4 38. Nd4 Qxf3 39. gxf3 c5 40.
Nc6 Nf7 41. Nxa7 Ne5 42. Kg2 Kf5 43. Nc8 Nd7 44. Nd6+ Ke5 45. Nc4+ Kd5 46. b3
Kc6 47. e4 b5 48. axb5+ Kxb5 49. Nd2 Kb4 50. Kf1 Kc3 51. Ke2 h5 52. Nf1 Kxb3
53. Ng3 h4 54. Nf1 c4 55. Kd2 c3+ 0-1

[Event "Tradewise Gibraltar Master 2015"]
[Site "Gibraltar ENG"]
[Date "2015.01.30"]
[Round "4.117"]
[White "Greibrokk, Ingrid Andrea"]
[Black "Lobersli, Henrik Oie"]
[Result "0-1"]
[WhiteElo "1758"]
[BlackElo "1957"]
[PlyCount "36"]
[EventDate "2015.01.27"]
[EventType "swiss"]
[EventRounds "10"]
[EventCountry "ENG"]
[Source "lmi"]
[SourceDate "2015.01.27"]

1. e4 e5 2. Nf3 Nc6 3. Bb5 Nf6 4. d3 Bc5 5. O-O d6 6. h3 O-O 7. Bg5 Ne7 8. Bxf6
gxf6 9. c3 a6 10. Bc4 Ba7 11. d4 Kh8 12. Kh1 Ng6 13. Na3 Nf4 14. Nc2 Rg8 15.
Ne3 Qf8 16. Rg1 Qh6 17. Bxf7 Bxh3 18. gxh3 Nxh3 0-1

[Event "Tradewise Gibraltar Master 2015"]
[Site "Gibraltar ENG"]
[Date "2015.01.30"]
[Round "4.118"]
[White "Tortolero, Cesar"]
[Black "Bouxo, Luis Antonio Maximi"]
[Result "1-0"]
[WhiteElo "1937"]
[BlackElo "1711"]
[PlyCount "55"]
[EventDate "2015.01.27"]
[EventType "swiss"]
[EventRounds "10"]
[EventCountry "ENG"]
[Source "lmi"]
[SourceDate "2015.01.27"]

1. d4 d5 2. c4 e6 3. Nf3 Nf6 4. Nc3 c6 5. Bg5 Be7 6. e3 Nbd7 7. Qc2 O-O 8. Rc1
Re8 9. Bd3 h6 10. Bh4 Nh5 11. Bg3 dxc4 12. Bxc4 Nb6 13. Bd3 Nd5 14. Ne5 f5 15.
Nxd5 cxd5 16. O-O Bd6 17. Bb5 Re7 18. Ng6 Rc7 19. Qxc7 Bxc7 20. Bxc7 Qg5 21.
Ne5 Qe7 22. Rc2 Nf6 23. Rfc1 a6 24. Bd6 Qd8 25. Be7 Qxe7 26. Rxc8+ Rxc8 27.
Rxc8+ Kh7 28. Rh8+ 1-0

[Event "Tradewise Gibraltar Master 2015"]
[Site "Gibraltar ENG"]
[Date "2015.01.30"]
[Round "4.119"]
[White "Lochte, Szilvia"]
[Black "Beadle, John R"]
[Result "1-0"]
[WhiteElo "1934"]
[BlackElo "1694"]
[PlyCount "31"]
[EventDate "2015.01.27"]
[EventType "swiss"]
[EventRounds "10"]
[EventCountry "ENG"]
[Source "lmi"]
[SourceDate "2015.01.27"]

1. d4 Nf6 2. Nf3 g6 3. g3 Bg7 4. Bg2 O-O 5. O-O d5 6. c3 c6 7. Nbd2 Nbd7 8. Re1
h6 9. e4 dxe4 10. Nxe4 Nxe4 11. Rxe4 Nf6 12. Re1 Re8 13. Ne5 Be6 14. Nxg6 Bg4
15. Qb3 Be6 16. Qxb7 1-0

[Event "Tradewise Gibraltar Master 2015"]
[Site "Gibraltar ENG"]
[Date "2015.01.30"]
[Round "4.120"]
[White "Bauer, Dieter"]
[Black "Morais, Vitor"]
[Result "0-1"]
[WhiteElo "1728"]
[BlackElo "1934"]
[PlyCount "59"]
[EventDate "2015.01.27"]
[EventType "swiss"]
[EventRounds "10"]
[EventCountry "ENG"]
[Source "lmi"]
[SourceDate "2015.01.27"]

1. d4 Nf6 2. Nf3 g6 3. e3 Bg7 4. b3 O-O 5. Bb2 c5 6. Be2 cxd4 7. exd4 Nc6 8.
O-O d6 9. Re1 Bf5 10. a3 Rc8 11. c4 d5 12. c5 Ne4 13. b4 a5 14. Qb3 axb4 15.
axb4 b6 16. Qa4 bxc5 17. Ba6 Nxb4 18. Bxc8 Qxc8 19. Ra3 Nd6 20. Rc3 Nd3 21. Re2
Nxb2 22. Rxb2 Nc4 23. Rbb3 cxd4 24. Rc1 e5 25. Qb5 Qa8 26. Qb7 e4 27. Qxa8 Rxa8
28. Ne1 d3 29. Rb8+ Rxb8 30. Rc2 0-1

[Event "Tradewise Gibraltar Master 2015"]
[Site "Gibraltar ENG"]
[Date "2015.01.30"]
[Round "4.121"]
[White "Homer, Neil S"]
[Black "Weishaeutel, Moritz"]
[Result "0-1"]
[WhiteElo "1716"]
[BlackElo "1905"]
[PlyCount "44"]
[EventDate "2015.01.27"]
[EventType "swiss"]
[EventRounds "10"]
[EventCountry "ENG"]
[Source "lmi"]
[SourceDate "2015.01.27"]

1. Nf3 d5 2. d4 Nf6 3. c4 e6 4. Nc3 Be7 5. Bg5 O-O 6. e3 Nbd7 7. Rc1 a6 8. cxd5
exd5 9. Be2 Re8 10. O-O c6 11. Bd3 Nf8 12. h3 Ng6 13. Qc2 Bd6 14. Rfe1 h6 15.
Bxf6 Qxf6 16. Qd1 Nh4 17. Nxh4 Qxh4 18. Qf3 Re6 19. Qe2 Rf6 20. Qc2 Bh2+ 21.
Kxh2 Rxf2 22. Re2 Qxh3+ 0-1

[Event "Tradewise Gibraltar Master 2015"]
[Site "Gibraltar ENG"]
[Date "2015.01.30"]
[Round "4.122"]
[White "Gravett, Alan D"]
[Black "Kuenitz, Klaus"]
[Result "1-0"]
[WhiteElo "1877"]
[BlackElo "1680"]
[PlyCount "75"]
[EventDate "2015.01.27"]
[EventType "swiss"]
[EventRounds "10"]
[EventCountry "ENG"]
[Source "lmi"]
[SourceDate "2015.01.27"]

1. Nf3 f5 2. g3 Nf6 3. d4 g6 4. Bg2 Bg7 5. O-O O-O 6. d5 d6 7. Nd4 a5 8. Nc3
Na6 9. Na4 Ne4 10. Ne6 Bxe6 11. dxe6 Nac5 12. Nxc5 Nxc5 13. c3 c6 14. Be3 Nxe6
15. Qb3 Qd7 16. a4 Kh8 17. Rad1 Nc7 18. Qxb7 Rab8 19. Qa7 Rxb2 20. Bb6 Rc8 21.
Bxa5 Rbb8 22. Bxc7 Ra8 23. Qb6 Qxc7 24. Rb1 d5 25. a5 Bxc3 26. a6 Ba5 27. Qd4+
e5 28. Qd3 Qa7 29. Qa3 Qxa6 30. Qd6 Re8 31. Rfc1 Rac8 32. Bxd5 Qa7 33. Rxc6
Rxc6 34. Bxc6 Qe7 35. Qd5 Rc8 36. Rb7 Qf6 37. Qxa5 Qxc6 38. Qxe5+ 1-0

[Event "Tradewise Gibraltar Master 2015"]
[Site "Gibraltar ENG"]
[Date "2015.01.30"]
[Round "4.123"]
[White "Curado, Manuel Joao Ferro"]
[Black "Tveten, Per"]
[Result "1-0"]
[WhiteElo "1860"]
[BlackElo "1601"]
[PlyCount "57"]
[EventDate "2015.01.27"]
[EventType "swiss"]
[EventRounds "10"]
[EventCountry "ENG"]
[Source "lmi"]
[SourceDate "2015.01.27"]

1. e4 e5 2. Nf3 Nc6 3. Bc4 Bc5 4. O-O Nf6 5. c3 O-O 6. d4 exd4 7. cxd4 Bb6 8.
e5 Ne8 9. Bg5 Ne7 10. Nc3 c6 11. d5 f6 12. d6+ Nd5 13. Bxd5+ cxd5 14. Nxd5 fxg5
15. Ne7+ Kh8 16. Nxg5 g6 17. Rc1 Ng7 18. Rc3 Ne6 19. Ne4 Bd4 20. Rh3 Kg7 21.
Qd2 Nf4 22. Rh4 Bxe5 23. g3 Nh5 24. Rxh5 Kf7 25. Qd5+ Ke8 26. Qxe5 gxh5 27.
Qxh5+ Rf7 28. Ng5 Qa5 29. Qxf7+ 1-0

[Event "Tradewise Gibraltar Master 2015"]
[Site "Gibraltar ENG"]
[Date "2015.01.30"]
[Round "4.124"]
[White "Aure, Anders Nilsson"]
[Black "Mahoney, Ian"]
[Result "1/2-1/2"]
[WhiteElo "1688"]
[BlackElo "1838"]
[PlyCount "66"]
[EventDate "2015.01.27"]
[EventType "swiss"]
[EventRounds "10"]
[EventCountry "ENG"]
[Source "lmi"]
[SourceDate "2015.01.27"]

1. c4 c5 2. Nc3 b6 3. Nf3 Bb7 4. g3 Nf6 5. Bg2 e6 6. O-O d6 7. d3 Nbd7 8. Rb1
a6 9. a3 Qc7 10. h3 Be7 11. b4 O-O 12. Be3 cxb4 13. axb4 d5 14. Qb3 dxc4 15.
dxc4 Rac8 16. Na4 b5 17. cxb5 axb5 18. Nc5 Nxc5 19. Bxc5 Bxc5 20. bxc5 Qxc5 21.
Qxb5 Bxf3 22. Bxf3 Qxb5 23. Rxb5 Rb8 24. Rfb1 Rxb5 25. Rxb5 g6 26. Kg2 h5 27.
Ra5 Rd8 28. Ra2 Kg7 29. h4 Rd4 30. e3 Rc4 31. Be2 Rb4 32. Rc2 Nd5 33. Bf3 Ne7
1/2-1/2

[Event "Tradewise Gibraltar Master 2015"]
[Site "Gibraltar ENG"]
[Date "2015.01.30"]
[Round "4.125"]
[White "Gouait, Raymond"]
[Black "Christophe-Hayot, Romain"]
[Result "0-1"]
[WhiteElo "1595"]
[BlackElo "1793"]
[PlyCount "86"]
[EventDate "2015.01.27"]
[EventType "swiss"]
[EventRounds "10"]
[EventCountry "ENG"]
[Source "lmi"]
[SourceDate "2015.01.27"]

1. c4 e5 2. Nc3 Nc6 3. Nf3 Nf6 4. d3 h6 5. g3 Bb4 6. Bd2 d6 7. Bg2 O-O 8. O-O
a5 9. a3 Bc5 10. e3 Bg4 11. Qc2 Ba7 12. Nb5 Bb6 13. Nc3 Qd7 14. Nd5 Nxd5 15.
cxd5 Ne7 16. e4 f5 17. Ne1 Be2 18. Be3 Bxf1 19. Bxf1 Bxe3 20. fxe3 fxe4 21.
dxe4 Rf7 22. Qg2 Raf8 23. Nd3 Kh8 24. Qh3 Qd8 25. Bg2 Ng8 26. Rf1 Rxf1+ 27.
Bxf1 Qg5 28. g4 Nf6 29. Nf2 Nd7 30. Qg3 Qf6 31. Be2 Nc5 32. Kg2 g5 33. h3 Qg6
34. Bf3 Qf6 35. Be2 c6 36. b4 axb4 37. axb4 Na4 38. Bd3 Nc3 39. Bc4 b5 40. Bd3
c5 41. bxc5 dxc5 42. Bxb5 Nxb5 43. Nd3 Qf1+ 0-1

[Event "Tradewise Gibraltar Master 2015"]
[Site "Gibraltar ENG"]
[Date "2015.01.31"]
[Round "5.8"]
[White "Howell, David W L"]
[Black "Salem, A.R. Saleh"]
[Result "1-0"]
[WhiteElo "2670"]
[BlackElo "2603"]
[PlyCount "75"]
[EventDate "2015.01.27"]
[EventType "swiss"]
[EventRounds "10"]
[EventCountry "ENG"]
[Source "lmi"]
[SourceDate "2015.01.27"]

1. e4 e5 2. Nf3 Nc6 3. Bb5 f5 4. d3 fxe4 5. dxe4 Nf6 6. O-O Bc5 7. Bxc6 bxc6 8.
Nxe5 O-O 9. Nc3 d6 10. Na4 Qe8 11. Nd3 Bd4 12. c3 Bb6 13. Nxb6 axb6 14. f3 Be6
15. Bg5 Nd7 16. Qc2 b5 17. a4 Qb8 18. Be3 bxa4 19. Rxa4 Qb5 20. Rb4 Qa6 21. b3
Qa3 22. Rb1 c5 23. Bc1 Qa2 24. Qxa2 Rxa2 25. Rb7 c4 26. Nf4 Rxf4 27. Bxf4 cxb3
28. Rxc7 Nc5 29. Bxd6 b2 30. Bxc5 Ra1 31. Kf2 Rxb1 32. Rb7 Bc8 33. Rb8 Rc1 34.
Rxb2 Rxc3 35. Bd4 Rc7 36. g4 Kf7 37. h4 Rc1 38. Ra2 1-0

[Event "Tradewise Gibraltar Master 2015"]
[Site "Gibraltar ENG"]
[Date "2015.01.31"]
[Round "5.13"]
[White "Debashis, Das"]
[Black "Cheparinov, Ivan"]
[Result "1/2-1/2"]
[WhiteElo "2503"]
[BlackElo "2681"]
[PlyCount "78"]
[EventDate "2015.01.27"]
[EventType "swiss"]
[EventRounds "10"]
[EventCountry "ENG"]
[Source "lmi"]
[SourceDate "2015.01.27"]

1. d4 Nf6 2. c4 g6 3. Nc3 d5 4. cxd5 Nxd5 5. e4 Nxc3 6. bxc3 Bg7 7. Qa4+ Qd7 8.
Qa3 b6 9. Nf3 O-O 10. Be3 c5 11. Rd1 cxd4 12. cxd4 Qd6 13. Qxd6 exd6 14. Bc4
Bb7 15. Nd2 Na6 16. O-O Nb4 17. d5 f5 18. Bf4 Rad8 19. g3 h6 20. h4 Kh8 21. a3
Nc2 22. Bd3 Nd4 23. Rfe1 fxe4 24. Bxe4 Ba6 25. Bxg6 Ne2+ 26. Rxe2 Bxe2 27. Re1
Bg4 28. h5 Bf5 29. Nc4 Bxg6 30. hxg6 Rfe8 31. Rxe8+ Rxe8 32. Nxd6 Re1+ 33. Kg2
Rd1 34. Nf7+ Kg8 35. Nxh6+ Bxh6 36. Bxh6 Rxd5 37. f4 Rh5 38. Bg5 Kg7 39. g4
Rxg5 1/2-1/2

[Event "Tradewise Gibraltar Master 2015"]
[Site "Gibraltar ENG"]
[Date "2015.01.31"]
[Round "5.14"]
[White "Rodshtein, Maxim"]
[Black "Al-Sayed, Mohammed"]
[Result "1-0"]
[WhiteElo "2680"]
[BlackElo "2516"]
[PlyCount "71"]
[EventDate "2015.01.27"]
[EventType "swiss"]
[EventRounds "10"]
[EventCountry "ENG"]
[Source "lmi"]
[SourceDate "2015.01.27"]

1. d4 Nf6 2. c4 g6 3. Nc3 Bg7 4. e4 d6 5. Nf3 O-O 6. h3 e5 7. d5 a5 8. g4 Na6
9. Be3 Nc5 10. Nd2 a4 11. Be2 c6 12. g5 Nfd7 13. h4 f5 14. f3 Qb6 15. Qb1 Qa5
16. h5 Rf7 17. a3 Nb6 18. hxg6 hxg6 19. Qc2 Rc7 20. O-O-O cxd5 21. exd5 Bd7 22.
Kb1 Rac8 23. Rh4 e4 24. fxe4 Nb3 25. exf5 Bxf5 26. Bd3 Nxd5 27. Nxd5 Qxd5 28.
Nxb3 axb3 29. Qxb3 Rxc4 30. Ka2 b5 31. Bxf5 Qxf5 32. Rxd6 Qf7 33. Rh2 Re8 34.
Rf2 Qb7 35. Rb6 Qe4 36. Rxb5 1-0

[Event "Tradewise Gibraltar Master 2015"]
[Site "Gibraltar ENG"]
[Date "2015.01.31"]
[Round "5.15"]
[White "Shyam, Sundar M"]
[Black "Motylev, Alexander"]
[Result "1/2-1/2"]
[WhiteElo "2489"]
[BlackElo "2665"]
[PlyCount "83"]
[EventDate "2015.01.27"]
[EventType "swiss"]
[EventRounds "10"]
[EventCountry "ENG"]
[Source "lmi"]
[SourceDate "2015.01.27"]

1. e4 c6 2. c4 d5 3. exd5 cxd5 4. cxd5 Nf6 5. Nc3 Nxd5 6. Nf3 Nxc3 7. bxc3 g6
8. d4 Bg7 9. Bd3 O-O 10. O-O Nc6 11. Re1 Bg4 12. Be4 Rc8 13. Bg5 Re8 14. h3
Bxf3 15. Qxf3 Qd7 16. Rad1 Na5 17. h4 h5 18. Re2 Qg4 19. Qxg4 hxg4 20. Bd3 e6
21. Bb5 Nc6 22. Rb2 b6 23. Re2 f6 24. d5 Red8 25. Rxe6 fxg5 26. Bxc6 gxh4 27.
Rc1 g5 28. Re4 g3 29. fxg3 hxg3 30. Rg4 Bf6 31. Rxg3 Be7 32. Kf1 Rf8+ 33. Ke2
Rf5 34. Rf1 Rxf1 35. Kxf1 Rf8+ 36. Ke2 Rf5 37. Kd3 Kf7 38. Rf3 Rxf3+ 39. gxf3
Bc5 40. Ke4 Kf6 41. a4 a5 42. c4 1/2-1/2

[Event "Tradewise Gibraltar Master 2015"]
[Site "Gibraltar ENG"]
[Date "2015.01.31"]
[Round "5.16"]
[White "Tari, Aryan"]
[Black "Edouard, Romain"]
[Result "1/2-1/2"]
[WhiteElo "2487"]
[BlackElo "2638"]
[PlyCount "60"]
[EventDate "2015.01.27"]
[EventType "swiss"]
[EventRounds "10"]
[EventCountry "ENG"]
[Source "lmi"]
[SourceDate "2015.01.27"]

1. e4 c5 2. Nf3 d6 3. Bb5+ Nd7 4. O-O a6 5. Bd3 g6 6. a4 Bg7 7. c3 Ne5 8. Nxe5
dxe5 9. Bc4 b6 10. d3 Nf6 11. Be3 O-O 12. h3 Bb7 13. Nd2 Nh5 14. Qb3 Rb8 15.
Nf3 Nf4 16. Rfd1 Qc7 17. Bxf4 exf4 18. Bd5 Bc8 19. d4 b5 20. axb5 axb5 21. e5
Bf5 22. Re1 e6 23. Be4 cxd4 24. cxd4 Rfc8 25. Bxf5 gxf5 26. Qb4 Qd7 27. Rec1
Bf8 28. Qd2 Bh6 29. Qb4 Bf8 30. Qd2 Bh6 1/2-1/2

[Event "Tradewise Gibraltar Master 2015"]
[Site "Gibraltar ENG"]
[Date "2015.01.31"]
[Round "5.17"]
[White "Pichot, Alan"]
[Black "Bachmann, Axel"]
[Result "0-1"]
[WhiteElo "2480"]
[BlackElo "2629"]
[PlyCount "108"]
[EventDate "2015.01.27"]
[EventType "swiss"]
[EventRounds "10"]
[EventCountry "ENG"]
[Source "lmi"]
[SourceDate "2015.01.27"]

1. e4 e5 2. Nf3 Nc6 3. Bb5 a6 4. Ba4 Nf6 5. O-O b5 6. Bb3 Bb7 7. d3 Bc5 8. Nc3
d6 9. a4 b4 10. Ne2 h6 11. Ng3 O-O 12. Be3 Bxe3 13. fxe3 Na5 14. Ba2 c5 15. Nd2
Bc8 16. Qf3 Bg4 17. Qf2 Be6 18. Nf5 Bxa2 19. Rxa2 Kh7 20. Qg3 g6 21. Nh4 Qe7
22. Raa1 Nh5 23. Qh3 Ng7 24. Rf3 Qe6 25. Qg3 Nh5 26. Qf2 g5 27. g4 Qxg4+ 28.
Ng2 f6 29. Rf5 Ra7 30. Kh1 Raf7 31. Rg1 Qh3 32. b3 Ng7 33. Rf3 Qe6 34. Ne1 Nc6
35. Qg2 Ne7 36. Qh3 h5 37. Qxe6 Nxe6 38. Nc4 Rd8 39. Rgf1 Kg6 40. Ng2 f5 41.
exf5+ Rxf5 42. R3f2 Rxf2 43. Rxf2 Nc6 44. e4 Ncd4 45. Nge3 Nf4 46. Nd5 Nxd5 47.
exd5 Nf5 48. Kg1 g4 49. Kh1 h4 50. Kg1 Rd7 51. Rf1 Re7 52. Nd2 Ne3 53. Rf8 Rf7
54. Ra8 Kg7 0-1

[Event "Tradewise Gibraltar Master 2015"]
[Site "Gibraltar ENG"]
[Date "2015.01.31"]
[Round "5.19"]
[White "Sethuraman, S.P."]
[Black "Donchenko, Alexander"]
[Result "1/2-1/2"]
[WhiteElo "2624"]
[BlackElo "2511"]
[PlyCount "134"]
[EventDate "2015.01.27"]
[EventType "swiss"]
[EventRounds "10"]
[EventCountry "ENG"]
[Source "lmi"]
[SourceDate "2015.01.27"]

1. e4 c6 2. d4 d5 3. e5 Bf5 4. Nf3 e6 5. Be2 c5 6. Be3 cxd4 7. Nxd4 Ne7 8. O-O
Nbc6 9. Bb5 a6 10. Bxc6+ bxc6 11. c4 dxc4 12. Qa4 Bd3 13. Rd1 Qd7 14. Na3 c5
15. Ndb5 Nd5 16. Nc7+ Nxc7 17. Qxd7+ Kxd7 18. Nxc4 Nd5 19. Rxd3 Kc7 20. Rc1 Be7
21. Bd2 Rab8 22. Ra3 Kb7 23. Kf1 Ka7 24. Ke2 h6 25. Rc2 Rhd8 26. Rf3 Rf8 27.
Na5 Kb6 28. Ra3 Rfc8 29. Rf3 Rf8 30. Rc4 Nb4 31. Ra3 Rfd8 32. Be3 Kb5 33. Rc1
Ra8 34. Nb3 Rd5 35. Ra5+ Kb6 36. Rcxc5 Bxc5 37. Bxc5+ Rxc5 38. Rxc5 Nxa2 39.
Rc4 a5 40. Nd2 Rd8 41. Rc2 Nb4 42. Nc4+ Kb5 43. Rc1 Na2 44. Rc2 Nb4 45. Rc3 Na2
46. Na3+ Ka4 47. Rc5 Rd5 48. Rxd5 exd5 49. Kd3 Kb3 50. f4 Kxb2 51. Nb5 g6 52.
g4 Nb4+ 53. Kd4 a4 54. f5 gxf5 55. gxf5 Nc6+ 56. Kxd5 Ne7+ 57. Ke4 a3 58. Nxa3
Kxa3 59. f6 Ng6 60. Kd5 Kb4 61. Kd6 Nxe5 62. Kxe5 Kc5 63. h4 Kc6 64. Kf5 Kd5
65. Kg4 Ke5 66. Kh5 Kxf6 67. Kxh6 Kf5 1/2-1/2